LEADER 01320nam a2200265 u 4500 001 000000013106 003 CaOOAMICUS 005 20070226105621.0 008 940517s1971 it u000 u ita u 035 $a10314941 040 $aPUL$bita 111 2 $aConvegno biblico francescano$n(5 :$d1969 :$cRoma).$0(OLS)http://pul/name/12379 245 13$aLa distruzione di Gerusalemme del 70 nei suoi riflessi storico-letterari :$batti del V Convegno biblico francescano, Roma, 22-27 settembre 1969. 260 $aAssisi :$bStudio teologico "Porziuncola",$c1971. 300 $a222 p. ;$c23 cm 490 1 $aCollectio Assisiensis ;$v8 630 04$aBiblia$vCongressi.$0(OLS)http://pul/subject/9582 651 4$aGerusalemme$xStoria$yAssedio, 70.$0(OLS)http://pul/subject/9583 830 0$aCollectio Assisiensis ;$v8.$0(OLS)http://pul/title/4003 850 $aPUL 852 $aPUL$W1$xSL Religione 1$y3$m1 H 48$j18498$nBK-PRI$b $qStampati$B18498$CPULBib$Z2$F18498 $H $81 941 1 $a8 961 $aINV: 45220 996 $6245$aLa distruzione di Gerusalemme del 70 nei suoi riflessi storico-letterari :$batti del V Convegno biblico francescano, Roma, 22-27 settembre 1969$9(OLS)http://pul/title/18936 996 $6260$aAssisi :$bStudio teologico "Porziuncola"$9(OLS)http://pul/publisher/52452 LEADER 01224nam a2200289 a 4500 001 000000133662 003 CaOOAMICUS 005 20130424095418.0 008 130424s2005 gw 000 u ger r 020 $a3-608-94121-5 040 $aPUL$bita 082 04$a241 100 1 $aSpaemann, Robert,$d1927-$0(OLS)http://pul/name/15909 245 10$aNatürliche Ziele :$bGeschichte und Wiederentdeckung des teleologischen Denkens /$cRobert Spaemann, Reinhard Löw. 260 $aStuttgart :$bKlett-Cotta,$c2005. 300 $a308 p. ;$c23 cm. 504 $aInclude referenze bibliografiche. 650 4$aEtica teologica.$0(OLS)http://pul/subject/38268 700 1 $aLöw, Reinhard.$0(OLS)http://pul/name/59317 850 $aPUL 852 $aPUL$W1$xSL Religione 3$y85$m241 SPARO 1$j153631$qDDC 21$B153195$CPULBib$Z2$F153195 $H122181 $82 941 1 $a9 996 $6020$a3-608-94121-5$9(OLS)http://pul/number/152524 996 $6082$a241$9(OLS)http://pul/classification/246 996 $6245$aNatürliche Ziele :$bGeschichte und Wiederentdeckung des teleologischen Denkens$9(OLS)http://pul/title/168953 996 $6260$aStuttgart :$bKlett-Cotta$9(OLS)http://pul/publisher/60414